000 00579nam a2200157 i 4500
001 59388
003 ES-MaACL
005 20230906164025.0
007 t|
008 031028s1927 mx ||||1| spa d
100 1 _aElorduy, Aquiles.
_947074
245 1 0 _aCasos de Santa Isabel /
_calegato verbal de Aquiles Elorduy agente mexicano ante la Comisión especial de reclamaciones entre México y Estados Unidos de America.
260 _aMéxico :
_b[s.n.,
_c1927] (
_fImprenta de la Secretaría de Relaciones Exteriores)
300 _a80 p. ;
_c24 cm.
852 _aES-MaACL
_j1734-F-26
999 _c59388
_d59388